000 00958nam a2200229 a 4500
001 85826
003 BD-RjUL
005 20251009124749.0
008 251009s1984 ii ||||| |||| 00| 0 ben d
035 _a(BD-RjUL)85826
040 _aBD-RjUL
_bben
_cBD-RjUL
041 _aben
082 _223
_a891.44309
_bBAB 1984
100 _aবন্দোপাধ্যায়, শ্রীকুমার
_9136599
245 1 0 _aবঙ্গসাহিত্যে উপন্যাসের ধারা /
_cশ্রীকুমার বন্দোপাধ্যায়
250 _a৭ম সং.
260 _aকলিকাতা :
_b[মডার্ণ বুক এজেন্সী,]
_c১৯৮৪
300 _a৮৪৪ পৃ. ;
_c২৪ সেমি.
650 _aবাংলা উপন্যাস
_xইতিহাস ও সমালোচনা
_9120092
650 _aBengali Fiction
_xHistory and Criticism
_9118845
942 _2ddc
_cBK
999 _c85826
_d85826